Jesenní hostia

Bibliographic Details
Main Author: -rk- (Author)
Format: Article
Language:Slovak
Subjects:

MARC

LEADER 00000nab a2200000 a 4500
001 vtls000015218
003 SK-MaSNL
005 20260304073115.0
008 250423c1978 xo 0 slo
015 |a SNBRB19rr/mm-uuuuu 
035 |a CL0025312 
035 |a urn:nbn:sk:snk-abdjq2 
035 |a (urnnbn)urn:nbn:sk:snk:ar-0014p0 
035 |a (uuid)ef87e2c6-866b-4abd-a8ba-9ace49d0b850 
040 |a SNKBUCL  |b slo  |c SNKBUCL  |e AACR2 
041 0 |a slo 
044 |a xo  |c SK 
080 |a 792  |2 1981 
100 1 |a -rk-  |4 aut  |9 844703 
245 1 0 |a Jesenní hostia  |c -rk- 
610 7 |a Macedónske národné divadlo (Skopje, Macedónsko)  |x hosťovanie  |z Bratislava (Slovensko)  |y 1978  |2 snkbucl  |9 1361561 
610 7 |a Moskovskij teatr imeni Leninskogo komsomola  |2 snkbucl  |9 236090 
655 7 |a články z novín a časopisov  |2 snkbucl  |9 267496 
773 0 |t Film a divadlo  |g Roč. 22, č. 25 (1978), s. 16-17 
850 |a Slovenská národná knižnica 
852 |a Slovenská národná knižnica 
954 |a odborná, vedecká literatúra pôvodná (slovenská)  |2 lita 
957 |a 5100 
958 |a article19 
958 |a OND 
958 |a RK 
958 |a EUIPO 
992 |a RBX 
999 |c 2769608  |d 2771538